Violencias fratricidas : carlistas y liberales en el siglo XIX : II Jornadas de Estudio del Carlismo : actas : 24 - 26 Septiembre 2008, Estella carlistas y liberales en el siglo XIX :
ISBN:
978-84-235-3165-3
Publicado:
Navarra :
Gobierno de Navarra. Departamento de Cultura y Turismo - Institución Príncipe de Viana ,
2009
Descripción Física:
399 p. ; 24 cm + 1 CD-ROM
Materias:
Carlisme -- Història -- Congressos
MARC
| LEADER | 00000nam a2200000Ia 4500 | ||
|---|---|---|---|
| 001 | 21853 | ||
| 003 | BGR | ||
| 005 | 20260324180107.0 | ||
| 008 | 160829s2009 xx 000 0 cat d | ||
| 020 | |a 978-84-235-3165-3 | ||
| 080 | |a H-3-82 | ||
| 111 | |a Jornadas de Estudio del Carlismo |9 71074 |c (Estella : |d 2008) | ||
| 245 | |a Violencias fratricidas : |b carlistas y liberales en el siglo XIX : |b II Jornadas de Estudio del Carlismo : |b actas : |b 24 - 26 Septiembre 2008, Estella | ||
| 260 | |a Navarra : |b Gobierno de Navarra. Departamento de Cultura y Turismo - Institución Príncipe de Viana, |c 2009 | ||
| 300 | |a 399 p. ; |c 24 cm + 1 CD-ROM | ||
| 590 | |a A la part superior de la portada: Museo del Carlismo. | ||
| 590 | |a Textos en castellà, anglès i francès | ||
| 650 | |a Carlisme |x Història |x Congressos |9 38275 | ||
| 710 | 1 | |a Navarra. |b Departamento de Cultura y Turismo |9 54195 | |
| 710 | 1 | |a Institución Príncipe de Viana |9 71073 | |
| 901 | |a Arxiu | ||
| 942 | |n 1 |2 udc |c JC | ||
| 952 | |0 0 |1 0 |4 0 |6 H382 |7 1 |9 53006 |a Arxiu |b Arxiu |d 2016-12-01 |l 0 |o H-3-82 |p 21853 |r 2016-12-01 00:00:00 |w 2016-12-01 |y ARXIU | ||
| 999 | |c 56855 |d 56855 | ||